Statistics for Countries with more than 0.5% of Earth's landmass

Click here to take the quiz!

General Stats

  • This quiz has been taken 28 times
  • The average score is 34 of 38

Answer Stats

% of areaArea in kilometersAnswer% Correct
1.62,381,741Algeria
100%
1.82,780,400Argentina
100%
6.19,984,670Canada
100%
6.39,596,961China
100%
1.31,964,375Mexico
100%
1.01,564,110Mongolia
100%
1117,098,242Russia
100%
0.81,221,037South Africa
100%
6.19,629,091United States
100%
5.27,741,220Australia
96%
5.68,515,767Brazil
96%
0.91,267,000Niger
96%
0.6923,768Nigeria
96%
1.21,886,068Sudan
96%
0.81,246,700Angola
91%
0.71,098,581Bolivia
91%
0.5756,102Chile
91%
0.71,141,748Colombia
91%
1.52,344,858Democratic Republic of the Congo
91%
0.71,002,450Egypt
91%
23,287,263India
91%
1.82,724,900Kazakhstan
91%
1.21,759,540Libya
91%
0.91,285,216Peru
91%
1.21,904,569Indonesia
87%
1.11,648,195Iran
87%
0.5783,562Turkey
87%
0.6916,445Venezuela
87%
0.5881,912Pakistan
83%
1.42,149,690Saudi Arabia
83%
0.6945,087Tanzania
83%
0.81,284,000Chad
78%
0.71,104,300Ethiopia
78%
0.81,240,192Mali
78%
0.6825,615Namibia
78%
0.71,030,700Mauritania
65%
0.5752,612Zambia
65%
0.5801,590Mozambique
61%

Score Distribution

Percentile by Number Answered

Percent of People with Each Score

Your Score History

You have not taken this quiz